000 00562cam a22002171 4500
001 sa 65002199
003 DLC
005 20260227112115.0
008 890614s1964 ii 000 0 hino
010 _asa 65002199
035 _a(OCoLC)19869458
040 _aDLC
_cWaU
_dDLC
042 _apremarc
050 0 0 _aPK2097.H3
_bA6 1964
100 0 _aHariścandra,
_cBhāratendu,
_d1850-1885.
245 1 0 _aPremamādhurī aura sphuṭa kavitāem̐.
260 _c[1964]
300 _a46, 81 p.
_c18 cm.
500 _aIn Hindi.
700 0 _aRadha Bhusan,
_d1924-
999 _c62511
_d62511